书目信息 |
| 题名: |
图解汽车基本性能检测·诊断·分析·评价
|
|
| 作者: | 周斌兴 主编 | |
| 分册: | ||
| 出版信息: | 北京 化学工业出版社 2017.05 |
|
| 页数: | 215页 | |
| 开本: | 26cm | |
| 丛书名: | ||
| 单 册: | ||
| 中图分类: | U461-64 | |
| 科图分类: | ||
| 主题词: | 汽车--性能--图解 | |
| 电子资源: | ||
| ISBN: | 978-7-122-29267-4 | |
| 000 | 00885nam0 2200217 450 | |
| 001 | 88 | |
| 005 | 20180920173138.21 | |
| 010 | @a978-7-122-29267-4@dCNY68.00 | |
| 100 | @a20170524d2017 em y0chiy50 ea | |
| 101 | 0 | @achi |
| 102 | @aCN@b110000 | |
| 105 | @aa z 000yy | |
| 200 | 1 | @a图解汽车基本性能检测·诊断·分析·评价@9tu jie qi che ji ben xing neng jian ce · zhen duan · fen xi · ping jia@f周斌兴主编 |
| 210 | @a北京@c化学工业出版社@d2017.05 | |
| 215 | @a215页@c图@d26cm | |
| 330 | @a本书系统、全面地介绍了汽车性能检测与诊断的基本原理、标准、规范等内容。全书共五章,涵盖了汽车的制动性、动力性、燃料经济性、噪声性、密封性、润滑性、行驶性、转向性、传动性等基本性能,并结合具体案例,给出分析与评价的方法及设备。 | |
| 606 | 0 | @a汽车@x性能@j图解 |
| 690 | @aU461-64@v5 | |
| 701 | 0 | @a周斌兴@9zhou bin xing@4主编 |
| 801 | 0 | @aCN@b91MARC@c20170524 |
| 905 | @aMuseLib@dU461-64@e689 | |
| 图解汽车基本性能检测·诊断·分析·评价/周斌兴主编.-北京:化学工业出版社,2017.05 |
| 215页:图;26cm |
| ISBN 978-7-122-29267-4:CNY68.00 |
| 本书系统、全面地介绍了汽车性能检测与诊断的基本原理、标准、规范等内容。全书共五章,涵盖了汽车的制动性、动力性、燃料经济性、噪声性、密封性、润滑性、行驶性、转向性、传动性等基本性能,并结合具体案例,给出分析与评价的方法及设备。 |
| ● |
| 相关链接 |
|
|
|
|
正题名:图解汽车基本性能检测·诊断·分析·评价
索取号:U461-64/689
 
预约/预借
| 序号 | 登录号 | 条形码 | 馆藏地/架位号 | 状态 | 备注 |
| 1 | 1118179 | 211181790 | 第二样本阅览室/ [索取号:U461-64/689] | 在馆 | |
| 2 | 1118180 | 211181807 | 第三借阅区/ [索取号:U461-64/689] | 在馆 | |
| 3 | 1118181 | 211181816 | 第三借阅区/ [索取号:U461-64/689] | 在馆 | |
| 4 | 1118182 | 211181825 | 第三借阅区/ [索取号:U461-64/689] | 在馆 | |
| 5 | 1118183 | 211181834 | 第三借阅区/ [索取号:U461-64/689] | 在馆 |